[Event "ISR-ch qual GpB"]
[Site "Kiryat Ono"]
[Date "2015.12.18"]
[Round "10"]
[White "Shetach, Roey"]
[Black "Shusterman, Mark"]
[Result "0-1"]
[WhiteElo "1806"]
[BlackElo "2184"]
[PlyCount "144"]
[EventDate "2015.10.16"]
[EventType "tourn"]
[EventRounds "10"]
[EventCountry "ISR"]
[SourceTitle "CBM 170 Extra"]
[Source "ChessBase"]
[SourceDate "2016.02.25"]
[SourceVersion "1"]
[SourceVersionDate "2016.02.25"]
[SourceQuality "1"]

1. c4 Nf6 2. g3 g6 3. Bg2 Bg7 4. Nc3 0-0 5. d3 e5 6. e4 d6 7. Nge2 c6 8. 0-0 Be6 9. h3 d5 10. cxd5 cxd5 11. d4 Nxe4 12. Nxe4 dxe4 13. d5 Qxd5 14. Qxd5 Bxd5 15. Nc3 Bc4 16. Bxe4 Bxf1 17. Bxb7 Bxh3 18. Bxa8 Na6 19. Bf3 Nb4 20. Be3 Nc2 21. Rd1 Nd4 22. Bd5 Rd8 23. f3 Rb8 24. b3 Rc8 25. Bxd4 exd4 26. Ne4 Be6 27. Bxe6 fxe6 28. Rd2 e5 29. g4 Rc1+ 30. Kf2 h5 31. gxh5 gxh5 32. Kg3 Bh6 33. Rd3 Bf4+ 34. Kf2 Kf7 35. a4 h4 36. Kg2 Ke6 37. Kh3 Rh1+ 38. Kg4 Be3 39. Nc5+ Kd5 40. Ne4 a5 41. Nc3+ Kc5 42. Nd1 h3 43. Nxe3 dxe3 44. Rxe3 Kd4 45. Re4+ Kd5 46. Kg3 h2 47. Kg2 Rf1 48. Kxh2 Rxf3 49. Re2 Rxb3 50. Ra2 Ke4 51. Kg2 Ke3 52. Kf1 Rb1+ 53. Kg2 Rd1 54. Ra3+ Rd3 55. Ra1 Rd4 56. Re1+ Kf4 57. Ra1 e4 58. Rf1+ Ke3 59. Re1+ Kd2 60. Ra1 e3 61. Kf3 Rd3 62. Ra2+ Kc3 63. Ra3+ Kd4 64. Ra2 Rd1 65. Ke2 Rh1 66. Ra3 Rh2+ 67. Ke1 Rg2 68. Kf1 Rc2 69. Ke1 Rb2 70. Kd1 Ke4 71. Ke1 Kf3 72. Ra1 Rh2 0-1

[Event "ISR-ch qual GpB"]
[Site "Kiryat Ono"]
[Date "2015.12.04"]
[Round "8"]
[White "Shusterman, Mark"]
[Black "Rozen, Guy"]
[Result "1-0"]
[WhiteElo "2184"]
[BlackElo "1976"]
[PlyCount "109"]
[EventDate "2015.10.16"]
[EventType "tourn"]
[EventRounds "10"]
[EventCountry "ISR"]
[SourceTitle "CBM 170 Extra"]
[Source "ChessBase"]
[SourceDate "2016.02.25"]
[SourceVersion "1"]
[SourceVersionDate "2016.02.25"]
[SourceQuality "1"]

1. e4 c6 2. d4 d5 3. Nc3 dxe4 4. Nxe4 Bf5 5. Ng3 Bg6 6. Nf3 Nd7 7. h4 h6 8. h5 Bh7 9. Bd3 Bxd3 10. Qxd3 e6 11. Bf4 Qa5+ 12. Bd2 Bb4 13. c3 Be7 14. Ne4 Ngf6 15. c4 Qc7 16. 0-0-0 b5 17. cxb5 cxb5+ 18. Kb1 Qb7 19. Nxf6+ Nxf6 20. Rde1 0-0 21. g4 Nxg4 22. Rhg1 f5 23. Ne5 Nxe5 24. Rxe5 Bf6 25. Rxb5 Qf7 26. Bxh6 Qxh5 27. Bf4 Rad8 28. Be5 Bxe5 29. Rxe5 Qh2 30. Qg3 Qxg3 31. Rxg3 Rxd4 32. Rxe6 Rd2 33. Re7 Rf7 34. Rxf7 Kxf7 35. Ra3 Rxf2 36. Rxa7+ Kf6 37. Ra6+ Kg5 38. Ra7 Kh6 39. Ra6+ Kh5 40. Ra8 f4 41. a4 g5 42. a5 Re2 43. a6 Kg4 44. Rf8 Re7 45. b4 f3 46. b5 Re5 47. a7 Rxb5+ 48. Kc2 Ra5 49. a8Q Rxa8 50. Rxa8 Kh3 51. Kd2 g4 52. Ke3 Kg2 53. Ra2+ Kf1 54. Kf4 Kg1 55. Kg3 1-0

[Event "ISR-ch qual GpB"]
[Site "Kiryat Ono"]
[Date "2015.11.13"]
[Round "5"]
[White "Shusterman, Mark"]
[Black "Shetach, Roey"]
[Result "0-1"]
[WhiteElo "2184"]
[BlackElo "1806"]
[PlyCount "86"]
[EventDate "2015.10.16"]
[EventType "tourn"]
[EventRounds "10"]
[EventCountry "ISR"]
[SourceTitle "CBM 170 Extra"]
[Source "ChessBase"]
[SourceDate "2016.02.25"]
[SourceVersion "1"]
[SourceVersionDate "2016.02.25"]
[SourceQuality "1"]

1. e4 c5 2. Nf3 e6 3. Nc3 Nc6 4. Bb5 Qc7 5. 0-0 a6 6. Bxc6 bxc6 7. e5 Ne7 8. d4 cxd4 9. Qxd4 c5 10. Qg4 Ng6 11. Bg5 Bb7 12. Rfe1 h6 13. Bd2 Rb8 14. Qh5 Bxf3 15. Qxf3 Be7 16. b3 0-0 17. Qh5 Kh7 18. Re4 f5 19. exf6 Rxf6 20. Rae1 Rf5 21. Qh3 Rbf8 22. f3 Bg5 23. Bxg5 Rxg5 24. Ne2 Rff5 25. Rd1 Rh5 26. Qg3 Ne5 27. f4 Ng6 28. Qd3 Rd5 29. Nd4 Rxd4 30. Rxd4 cxd4 31. g3 Rd5 32. Rd2 Qc3 33. Qxc3 dxc3 34. Rxd5 exd5 35. Kf2 d4 36. Ke2 Ne7 37. Kd3 Nc6 38. Kc4 Kg6 39. b4 Kf5 40. a4 Kg4 41. b5 axb5+ 42. axb5 Nd8 43. b6 Nb7 0-1

[Event "ISR-ch qual GpB"]
[Site "Kiryat Ono"]
[Date "2015.10.23"]
[Round "2"]
[White "Shusterman, Mark"]
[Black "Dovev, Noam"]
[Result "1/2-1/2"]
[WhiteElo "2184"]
[BlackElo "1781"]
[PlyCount "63"]
[EventDate "2015.10.16"]
[EventType "tourn"]
[EventRounds "10"]
[EventCountry "ISR"]
[SourceTitle "CBM 170 Extra"]
[Source "ChessBase"]
[SourceDate "2016.02.25"]
[SourceVersion "1"]
[SourceVersionDate "2016.02.25"]
[SourceQuality "1"]

1. e4 e5 2. Nf3 Nc6 3. Bb5 a6 4. Ba4 Nf6 5. 0-0 b5 6. Bb3 Be7 7. d4 Nxe4 8. dxe5 0-0 9. Bd5 Nc5 10. Nd4 Bb7 11. Bxc6 Bxc6 12. Nxc6 dxc6 13. Qe2 f5 14. Rd1 Qe8 15. f4 Rd8 16. Be3 Rxd1+ 17. Qxd1 Qf7 18. Nd2 Rd8 19. Qe2 Qd5 20. b3 Ne6 21. c4 Qd3 22. Qxd3 Rxd3 23. Kf2 Bc5 24. Nf1 Rc3 25. Bxc5 Nxc5 26. cxb5 cxb5 27. Ne3 Nd3+ 28. Kf3 Nb4 29. Kf2 Nd3+ 30. Kf3 Nb4 31. Kf2 Nd3+ 32. Kf3 1/2-1/2